| 000 -LEADER |
| fixed length control field |
02653cam a22004937a 4500 |
| 001 - CONTROL NUMBER |
| control field |
7766148 |
| 003 - CONTROL NUMBER IDENTIFIER |
| control field |
USPCAS-E |
| 005 - DATE AND TIME OF LATEST TRANSACTION |
| control field |
20180118181414.0 |
| 006 - FIXED-LENGTH DATA ELEMENTS--ADDITIONAL MATERIAL CHARACTERISTICS |
| fixed length control field |
m d |
| 007 - PHYSICAL DESCRIPTION FIXED FIELD--GENERAL INFORMATION |
| fixed length control field |
cr n |
| 008 - FIXED-LENGTH DATA ELEMENTS--GENERAL INFORMATION |
| fixed length control field |
081204s2009 nyua sb 001 0 eng d |
| 015 ## - NATIONAL BIBLIOGRAPHY NUMBER |
| National bibliography number |
GBA875738 |
| Source |
bnb |
| 015 ## - NATIONAL BIBLIOGRAPHY NUMBER |
| National bibliography number |
07,N44,0966 |
| Source |
dnb |
| 016 7# - NATIONAL BIBLIOGRAPHIC AGENCY CONTROL NUMBER |
| Record control number |
014640953 |
| Source |
Uk |
| 016 7# - NATIONAL BIBLIOGRAPHIC AGENCY CONTROL NUMBER |
| Record control number |
98596314X |
| Source |
DE-101 |
| 020 ## - INTERNATIONAL STANDARD BOOK NUMBER |
| International Standard Book Number |
9780387764238 (acidfree paper) |
| 020 ## - INTERNATIONAL STANDARD BOOK NUMBER |
| International Standard Book Number |
0387764232 (acidfree paper) |
| 020 ## - INTERNATIONAL STANDARD BOOK NUMBER |
| Canceled/invalid ISBN |
9780387764245 (e-ISBN) |
| 020 ## - INTERNATIONAL STANDARD BOOK NUMBER |
| Canceled/invalid ISBN |
0387764240 (e-ISBN) |
| 035 ## - SYSTEM CONTROL NUMBER |
| System control number |
(WaSeSS)ssj0000097614 |
| 040 ## - CATALOGING SOURCE |
| Original cataloging agency |
UKM |
| Transcribing agency |
UKM |
| Modifying agency |
BTCTA |
| -- |
BAKER |
| -- |
OCLCG |
| -- |
YDXCP |
| -- |
BWX |
| -- |
CDX |
| -- |
IXA |
| -- |
MYG |
| -- |
IQU |
| -- |
VRC |
| -- |
MCS |
| -- |
DEBSZ |
| -- |
UMR |
| -- |
UKMGB |
| -- |
DLC |
| -- |
WaSeSS |
| 042 ## - AUTHENTICATION CODE |
| Authentication code |
pcc |
| 050 #4 - LIBRARY OF CONGRESS CALL NUMBER |
| Classification number |
TK2901 |
| Item number |
.H84 2009 |
| 050 #4 - LIBRARY OF CONGRESS CALL NUMBER |
| Classification number |
TK2901.H84 2009 |
| 050 #4 - LIBRARY OF CONGRESS CALL NUMBER |
| Classification number |
TK2896 |
| 082 00 - DEWEY DECIMAL CLASSIFICATION NUMBER |
| Classification number |
621.312424 |
| Edition number |
23 |
| Author Mark |
HUG-A 2009 |
| 100 1# - MAIN ENTRY--PERSONAL NAME |
| Personal name |
Huggins, Robert A. |
| Fuller form of name |
(Robert Alan), |
| Dates associated with a name |
1929- |
| 210 10 - ABBREVIATED TITLE |
| Abbreviated title |
Advanced batteries |
| 245 10 - TITLE STATEMENT |
| Title |
Advanced batteries |
| Medium |
[electronic resource] : |
| Remainder of title |
materials science aspects / |
| Statement of responsibility, etc. |
Robert A. Huggins. |
| 260 ## - PUBLICATION, DISTRIBUTION, ETC. |
| Place of publication, distribution, etc. |
New York ; |
| -- |
[London] : |
| Name of publisher, distributor, etc. |
Springer, |
| Date of publication, distribution, etc. |
c2009. |
| 502 ## - DISSERTATION NOTE |
| Dissertation note |
0 |
| 504 ## - BIBLIOGRAPHY, ETC. NOTE |
| Bibliography, etc. note |
Includes bibliographical references and index. |
| 506 ## - RESTRICTIONS ON ACCESS NOTE |
| Terms governing access |
License restrictions may limit access. |
| 520 1# - SUMMARY, ETC. |
| Summary, etc. |
"Storage and conversion are critical components of important energy-related technologies. Advanced Batteries: Materials Science Aspects employs materials science concepts and tools to describe the critical features that control the behavior of advanced electrochemical storage systems." "This volume focuses on the basic phenomena that determine the properties of the components, i.e. electrodes and electrolytes, of advanced systems, as well as experimental methods used to study their critical parameters. This unique materials science approach utilizes concepts and methodologies different from those typical in electrochemical texts, offering a fresh, fundamental and tutorial perspective of advanced battery systems." "Graduate students, scientists and engineers interested in electrochemical energy storage and conversion will find Advanced Batteries: Materials Science Aspects a valuable reference."--BOOK JACKET. |
| 650 #0 - SUBJECT ADDED ENTRY--TOPICAL TERM |
| Topical term or geographic name entry element |
Electric batteries. |
| 650 #0 - SUBJECT ADDED ENTRY--TOPICAL TERM |
| Topical term or geographic name entry element |
Electric batteries |
| General subdivision |
Materials. |
| 650 #0 - SUBJECT ADDED ENTRY--TOPICAL TERM |
| Topical term or geographic name entry element |
Electrodes. |
| 650 #0 - SUBJECT ADDED ENTRY--TOPICAL TERM |
| Topical term or geographic name entry element |
Electrolytes. |
| 650 #0 - SUBJECT ADDED ENTRY--TOPICAL TERM |
| Topical term or geographic name entry element |
Electrochemistry. |
| 773 #0 - HOST ITEM ENTRY |
| Title |
SpringerLink ebooks - Chemistry and Materials Science (2009) |
| 856 40 - ELECTRONIC LOCATION AND ACCESS |
| Uniform Resource Identifier |
<a href="http://www.columbia.edu/cgi-bin/cul/resolve?clio7766148">http://www.columbia.edu/cgi-bin/cul/resolve?clio7766148</a> |
| Public note |
Full text available from SpringerLink ebooks - Chemistry and Materials Science (2009) |
| 910 ## - USER-OPTION DATA (OCLC) |
| User-option data |
Library of Congress record |
| 942 ## - ADDED ENTRY ELEMENTS (KOHA) |
| Source of classification or shelving scheme |
|
| Koha item type |
Book |